000 00877nam a2200241Ia 4500
003 OSt
005 20220923220509.0
006 a|||||r|||| 00| 0
007 ta
008 220922b |||||||| |||| 00| 0 hin d
024 _a186,997
037 _cTextual
040 _aARTS
_cARTS
_bhin
041 _2hin
_ahin
082 _aX755.2.N7, 152L9-;2
100 _aकुरियन, के मैथ्यू
245 0 _aभारत में विदेशी निवेश, अनु अक्षानन स्वरूप वर्मा
246 _aBhārat mean videshī nivesha, anu0 akṣhānan svarūp varmā
260 _aनई दिल्ली
_b मैकमिलन
_c1979
300 _a224 पृ.
_ccm.
942 _hX755.2.N7, 152L9-;2
_cTEXL
_2CC
999 _c340240
_d340240